[Event "SM-2013-0-00251"]
[Site "LSS email"]
[Date "2013.04.16"]
[Round "?"]
[White "Claridge, John Bleddyn"]
[Black "Lovakovic, Franjo"]
[Result "1/2-1/2"]
[WhiteElo "2328"]
[BlackElo "2307"]
[PlyCount "61"]
[EventDate "2013.04.07"]
[EventType "tourn (corr)"]
[EventRounds "6"]
[EventCountry "GER"]
[SourceTitle "Telechess CBM 167"]
[Source "ChessBase"]
[SourceDate "2015.07.13"]
[SourceVersion "1"]
[SourceVersionDate "2015.07.13"]
[SourceQuality "1"]

1. d4 d5 2. c4 c6 3. Nf3 Nf6 4. Nc3 e6 5. Bg5 h6 6. Bh4 dxc4 7. e4 g5 8. Bg3 b5 9. Be2 b4 10. Na4 Nxe4 11. Be5 Nf6 12. Nc5 c3 13. bxc3 bxc3 14. 0-0 g4 15. Qb3 Bxc5 16. dxc5 Nbd7 17. Bxc3 gxf3 18. Bxf3 Rb8 19. Qa4 Bb7 20. Rfd1 Rg8 21. Rab1 Rg6 22. h4 Qc8 23. Rd6 Nxc5 24. Qc4 Ncd7 25. h5 Rg5 26. Rxe6+ fxe6 27. Qxe6+ Kf8 28. Bxf6 Nxf6 29. Qxf6+ Kg8 30. Be2 c5 31. Bc4+ 1/2-1/2